000 00507nam a2200181Ia 4500
999 _c36848
_d36848
003 OSt
005 20210125135913.0
008 190216s9999||||xx |||||||||||||| ||und||
020 _a9788126117338
040 _coclc
082 _a380
_bTEA/M
100 _aA Team Of Experts
245 0 _aModern UGC NET : Commerce /
_cA Team Of Experts
260 _bAnmol Publications,
_aNew Delhi:
_c2004.
300 _a455p
650 _aReferences
942 _cREF
_2ddc
_h380
_iTEA/M
_k380
_mTEA/M